Security Analysis and Portfolio Management (Record no. 11499)

MARC details
000 -LEADER
fixed length control field 00478nam a22001937a 4500
003 - CONTROL NUMBER IDENTIFIER
control field OSt
008 - FIXED-LENGTH DATA ELEMENTS--GENERAL INFORMATION
fixed length control field 220831b ||||| |||| 00| 0 eng d
020 ## - INTERNATIONAL STANDARD BOOK NUMBER
International Standard Book Number 9789353066284
082 ## - DEWEY DECIMAL CLASSIFICATION NUMBER
Classification number 332.6320973 FIS
100 ## - MAIN ENTRY--PERSONAL NAME
Personal name FISCHER, Donald E.
245 ## - TITLE STATEMENT
Title Security Analysis and Portfolio Management
250 ## - EDITION STATEMENT
Edition statement 6th ed.
260 ## - PUBLICATION, DISTRIBUTION, ETC. (IMPRINT)
Place of publication, distribution, etc Noida
Name of publisher, distributor, etc Pearson
Date of publication, distribution, etc 2022
300 ## - PHYSICAL DESCRIPTION
Extent 517 p.
650 ## - SUBJECT ADDED ENTRY--TOPICAL TERM
Topical term or geographic name as entry element Commerce
700 ## - ADDED ENTRY--PERSONAL NAME
Personal name JORDAN, Ronald J.
700 ## - ADDED ENTRY--PERSONAL NAME
Personal name PRADHAN, A. K.
942 ## - ADDED ENTRY ELEMENTS (KOHA)
Source of classification or shelving scheme Dewey Decimal Classification
Koha item type Text Books
Holdings
Withdrawn status Lost status Source of classification or shelving scheme Damaged status Not for loan Collection code Home library Current library Date acquired Source of acquisition Currency Cost, normal purchase price Bill Number Total Checkouts Full call number Acc. no. / Barcode Date last seen Actual Cost, discounted price Bill Date Koha item type Date last borrowed
    Dewey Decimal Classification     B.Com PIET NCR College Library PIET NCR College Library 29/08/2022 Kirti Prakashan IN Rupees 770.00 IN853   332.6320973 FIS N2723 31/08/2022 523.60 29/08/2022 Text Books  
    Dewey Decimal Classification     B.Com PIET NCR College Library PIET NCR College Library 29/08/2022 Kirti Prakashan IN Rupees 770.00 IN853 1 332.6320973 FIS N2724 19/06/2023 523.60 29/08/2022 Text Books 30/05/2023
    Dewey Decimal Classification     B.Com PIET NCR College Library PIET NCR College Library 29/08/2022 Kirti Prakashan IN Rupees 770.00 IN853   332.6320973 FIS N2725 31/08/2022 523.60 29/08/2022 Text Books  

Design & Developed by: PIET Central Library
R70 Miles Stone Pattikalyana Samalkha Panipat 132102
mail ID :- [email protected], Phone No:- 0180-2569700 Ex.216